Semblanza de tres líderes /
Guardado en:
| Autor Principal: | |
|---|---|
| Formato: | Libro |
| Idioma: | Undetermined |
| Publicado: |
Buenos Aires :
Bases,
1960.
|
| Materias: | |
| Etiquetas: |
Agregar Etiqueta
Sin Etiquetas, Sea el primero en etiquetar este registro!
|
| LEADER | 00512nam a22001575a 4500 | ||
|---|---|---|---|
| 001 | EHU.bham047802 | ||
| 005 | 20110812151024.0 | ||
| 008 | 110812s1960####ag############000#0#und#d | ||
| 100 | 1 | |a Rodríguez Tarditi, José. | |
| 245 | 0 | 0 | |a Semblanza de tres líderes / |c José Rodríguez Tarditi. |
| 260 | |a Buenos Aires : |b Bases, |c 1960. | ||
| 300 | |a 76 p. | ||
| 653 | |a Historia Argentina | ||
| 653 | |a Políticos argentinos | ||
| 653 | |a Líderes políticos | ||
| 859 | |a AR-BHAM |b BIB. HUMANIDADES - Donacion Lejarraga |h MFN002021 |p 002021.19 | ||
